AU LIBRARIES
Centralized Library System Across Seven Campuses

Fundamentals of Quality Control and Improvement (Record no. 8962)

MARC details
000 -LEADER
fixed length control field 00442nam a2200157Ia 4500
005 - DATE AND TIME OF LATEST TRANSACTION
control field 20260407095750.0
008 - FIXED-LENGTH DATA ELEMENTS--GENERAL INFORMATION
fixed length control field 251127s9999 xx 000 0 und d
020 ## - INTERNATIONAL STANDARD BOOK NUMBER
ISBN 0136450865 (textbook binding) |
082 ## - DEWEY DECIMAL CLASSIFICATION NUMBER
Classification number 658.562
Author Mark MIT-F
100 ## - MAIN ENTRY--AUTHOR
Author Name Mitra, Amitava.
245 #0 - TITLE STATEMENT
Title Fundamentals of Quality Control and Improvement
250 ## - EDITION STATEMENT
Edition statement 2nd ed.
260 ## - PUBLICATION, DISTRIBUTION, ETC.
Place of Publication Upper Saddle River
Name of publisher, distributor, etc. Prentice Hall
650 ## - SUBJECT ADDED ENTRY--TOPICAL TERM
Subject / Department Management Sciences
942 ## - ADDED ENTRY ELEMENTS (KOHA)
Koha item type Book
Holdings
Withdrawn status Lost status Damaged status Not for loan Collection code Permanent Location Current Location Shelving Location Date acquired Source of acquisition Inventory number Full Call Number Accession No./Barcode Koha item type
        Management Science Air University H-11 Campus Islamabad Air University H-11 Campus Islamabad Management Science 06/02/2015 Not available. 9480 658.562 MIT-F P0896 Book
Air University Sector E-9, Islamabad Pakistan
Email: librarian@au.edu.pk  Tel : +0092 51 9262612 Ext: 631